[Event "4th 4NCL Easter Congress"]
[Site "Holiday Inn Peterborough - West"]
[Date "2024.03.30"]
[Round "3"]
[Board "24"]
[White "Gibson, Christopher A"]
[Black "Mize, Dylan"]
[Result "1/2-1/2"]
[WhiteElo "1852"]
[BlackElo "1870"]
[PlyCount "0"]
[EventDate "2024.03.29"]
[EventRounds "7"]
[EventCountry "ENG"]

1. e4 c6 2. d4 d5 3. exd5 cxd5 4. c4 Nf6 5. Nc3 Nc6 6. Bg5 Be6 7. Nf3 g6 8. Bxf6
exf6 9. c5 Bg7 10. h3 O-O 11. Bb5 Ne7 12. O-O g5 13. Ne2 Ng6 14. Bd3 Qd7 15. Nh2
Bh6 16. Qc2 Nh4 17. g3 Ng6 18. g4 Rae8 19. a4 Qc7 20. b4 Bd7 21. b5 Rxe2 22. Qxe2
Nf4 23. Qf3 Re8 24. Rfe1 Rxe1+ 25. Rxe1 Bf8 26. Bb1 Qa5 27. Qd1 Nxh3+ 28. Kf1 Nf4
29. Qc2 Ng6 30. f3 Qc7 31. Kg2 Qf4 32. Qd3 Qc7 33. Qe3 Nf4+ 34. Kh1 Qa5 35. Nf1 Qxa4
36. c6 bxc6 37. bxc6 Qxc6 38. Ng3 Ng6 39. Nf5 Be6 40. Rc1 Qb5 41. Qd2 Nh4 42. Nxh4
gxh4 43. Qc2 Bg7 44. Qxh7+ Kf8 45. Qc2 Qb8  1/2-1/2

[Event "4th 4NCL Easter Congress"]
[Site "Holiday Inn Peterborough - West"]
[Date "2024.03.31"]
[Round "4"]
[Board "1"]
[White "Hebden, Mark L"]
[Black "Willmoth, Robert F"]
[Result "1-0"]
[WhiteElo "2386"]
[BlackElo "2104"]
[PlyCount "0"]
[EventDate "2024.03.29"]
[EventRounds "7"]
[EventCountry "ENG"]

1. d4 d6 2. Nc3 Nf6 3. Bf4 Nbd7 4. Nf3 c6 5. e3 Qa5 6. Nd2 e5 7. Bg3 Be7 8. Nc4 Qc7
9. a4 O-O 10. Be2 Rb8 11. O-O Ne8 12. a5 f5 13. h3 f4 14. Bh2 g5 15. Re1 Ndf6 16.
exf4 exf4 17. d5 Ng7 18. Bf3 Bf5 19. a6 c5 20. axb7 Rxb7 21. b3 Rf7 22. Na5 Rb8 23.
Nc6 Rb7 24. Ne4 Nxe4 25. Bxe4 Bf6 26. Ra4 Qd7 27. Qd3 Bxe4 28. Raxe4 Nf5 29. Re8+
Kg7 30. R1e6 Nd4 31. Nxd4 Bxd4 32. h4 Be5 33. hxg5 c4 34. Qh3  1-0

[Event "4th 4NCL Easter Congress"]
[Site "Holiday Inn Peterborough - West"]
[Date "2024.03.31"]
[Round "4"]
[Board "2"]
[White "Chan, Sheng Liang Bernard"]
[Black "Fava, Lorenzo"]
[Result "1/2-1/2"]
[WhiteElo "2082"]
[BlackElo "2281"]
[PlyCount "0"]
[EventDate "2024.03.29"]
[EventRounds "7"]
[EventCountry "ENG"]

1. d4 d5 2. c4 e6 3. Nf3 a6 4. Bg5 Be7 5. Bxe7 Qxe7 6. Nbd2 Nf6 7. g3 O-O 8. Bg2
c5 9. dxc5 Qxc5 10. cxd5 Nxd5 11. O-O Nc6 12. Rc1 Qe7 13. a3 Rd8 14. Qc2 Bd7 15.
e4 Nc7 16. Rfd1 e5 17. Nc4 Bg4 18. Ne3 Rxd1+ 19. Qxd1 Rd8 20. Qe1 Be6 21. Bf1 Nd4
22. Nxe5 f6 23. Qb4 Qxb4 24. axb4 Ncb5 25. Nd3 Nd6 26. Nc5 Kf7 27. Nxe6 Nxe6 28.
f3 Rc8 29. Rxc8 Nxc8 30. Bc4 Nd6 31. Bd5 Ke7 32. Nf5+ Nxf5 33. exf5 Nd8 34. f4 Kd6
35. Be4 Nc6 36. Kf2 b6 37. b5 axb5 38. Ke3 Kc5 39. Bxc6 Kxc6 40. Kd4 Kd6 41. h4  1/2-1/2

[Event "4th 4NCL Easter Congress"]
[Site "Holiday Inn Peterborough - West"]
[Date "2024.03.31"]
[Round "4"]
[Board "3"]
[White "Srivastava, Arnav"]
[Black "Clarke, Connor"]
[Result "0-1"]
[WhiteElo "1915"]
[BlackElo "1978"]
[PlyCount "0"]
[EventDate "2024.03.29"]
[EventRounds "7"]
[EventCountry "ENG"]

1. d4 d5 2. c4 e6 3. Nf3 c5 4. cxd5 exd5 5. Nc3 Nc6 6. e3 Nf6 7. Be2 Be7 8. O-O O-O
9. dxc5 Bxc5 10. a3 Bg4 11. b4 Bb6 12. Bb2 Re8 13. Nb5 Ne4 14. h3 Bh5 15. Nbd4 Rc8
16. Rc1 f6 17. Qb3 Bxd4 18. Bxd4 Nd2 19. Nxd2 Nxd4 20. exd4 Rxe2 21. Rxc8 Qxc8 22.
Nb1 Qc4 23. Qc3 Rc2 24. Qe3 Qe2 25. Qf4 h6 26. g4 Bg6 27. Qe3 Qxe3 28. fxe3 Be4 29.
Rd1 Bf3 30. Rf1 Be4 31. Rd1 Re2 32. Nc3 Rxe3 33. Nxe4 dxe4 34. d5 Kf7 35. Rc1 Rxh3
36. Rc7+ Kg6 37. Rxb7 Rxa3 38. b5 Rd3 39. Rxa7 Rxd5 40. b6 Rb5 41. Rb7 Rb2 42. Kf1
Kg5 43. Rxg7+ Kf4 44. b7 Kf3 45. Kg1 e3 46. Rc7 Kxg4 47. Rf7 f5  0-1

[Event "4th 4NCL Easter Congress"]
[Site "Holiday Inn Peterborough - West"]
[Date "2024.03.31"]
[Round "4"]
[Board "4"]
[White "Okhai, Shabir"]
[Black "Raju, Sooraj Menothuparambil"]
[Result "1/2-1/2"]
[WhiteElo "2075"]
[BlackElo "1969"]
[PlyCount "0"]
[EventDate "2024.03.29"]
[EventRounds "7"]
[EventCountry "ENG"]

1. e4 Nf6 2. e5 Nd5 3. c4 Nb6 4. d4 d6 5. f4 dxe5 6. fxe5 c5 7. d5 g6 8. a4 Bg7 9.
Bf4 O-O 10. a5 N6d7 11. Nf3 Qc7 12. Qe2 e6 13. Nc3 exd5 14. Nxd5 Qd8 15. Bg5 f6 16.
e6 Nc6 17. exd7 fxg5 18. dxc8=Q Rxc8 19. Qe6+ Kh8 20. Be2 Re8 21. Qh3 h5 22. g4 h4
23. Kf2 Nd4 24. Bd1 Re4 25. Re1 Rxe1 26. Kxe1 Qe8+ 27. Kf2 Qe4 28. Nc3 Qf4 29. Ne2
Nxe2 30. Bxe2 Re8 31. Re1 Bxb2 32. Bd1 Bd4+ 33. Kf1 Rxe1+ 34. Kxe1 Qe3+ 35. Be2 Bc3+
36. Kf1 Bxa5 37. Ng1 Qc1+ 38. Kg2 Bc3 39. Qf3 Bd4 40. Qf8+ Kh7 41. Qe7+ Kh6 42. Nf3
Qf4 43. Qe6 a5 44. Nxd4 cxd4 45. Bd3 h3+ 46. Kg1 Qc1+ 47. Kf2 Qd2+ 48. Qe2 Qf4+ 49.
Ke1 Qc1+ 50. Kf2 Qf4+ 51. Ke1 Qc1+ 52. Qd1 Qe3+ 53. Qe2 Qc1+ 54. Qd1 Qe3+ 55. Qe2
Qc1+  1/2-1/2

[Event "4th 4NCL Easter Congress"]
[Site "Holiday Inn Peterborough - West"]
[Date "2024.03.31"]
[Round "4"]
[Board "5"]
[White "Boswell, Jacob Connor"]
[Black "Patel, Zain"]
[Result "1-0"]
[WhiteElo "2254"]
[BlackElo "1929"]
[PlyCount "0"]
[EventDate "2024.03.29"]
[EventRounds "7"]
[EventCountry "ENG"]

1. d4 Nf6 2. c4 e6 3. Nf3 d5 4. Nc3 c5 5. cxd5 Nxd5 6. e4 Nxc3 7. bxc3 cxd4 8. cxd4
Bb4+ 9. Bd2 Bxd2+ 10. Qxd2 O-O 11. Bc4 Nd7 12. O-O b6 13. Rad1 Bb7 14. Rfe1 Rc8 15.
Bb3 Re8 16. h3 Nf6 17. Qf4 Qc7 18. Ne5 Re7 19. g4 Qd6 20. g5 Nd7 21. h4 Nxe5 22.
dxe5 Qb4 23. h5 a5 24. Rb1 Qd4 25. Rbc1 Rxc1 26. Rxc1 a4 27. Rd1 Rd7 28. Rxd4 Rxd4
29. g6  1-0

[Event "4th 4NCL Easter Congress"]
[Site "Holiday Inn Peterborough - West"]
[Date "2024.03.31"]
[Round "4"]
[Board "6"]
[White "Burrows, Martin P"]
[Black "Khoury, Theo"]
[Result "1/2-1/2"]
[WhiteElo "1998"]
[BlackElo "2113"]
[PlyCount "0"]
[EventDate "2024.03.29"]
[EventRounds "7"]
[EventCountry "ENG"]

1. e4 c5 2. Nf3 d6 3. d4 cxd4 4. Nxd4 Nf6 5. Nc3 a6 6. Bc4 e6 7. Bb3 b5 8. f3 Be7
9. Be3 Qc7 10. Qd2 Nc6 11. g4 Bd7 12. g5 Nh5 13. Nce2 Na5 14. O-O-O Nxb3+ 15. Nxb3
a5 16. Kb1 a4 17. Nbc1 O-O 18. Ng3 g6 19. Nxh5 gxh5 20. e5 d5 21. Nd3 b4 22. Rc1
Bb5 23. Bd4 Bxd3 24. cxd3 Qb7 25. f4 Rfc8 26. f5 exf5 27. e6 fxe6 28. Qe2 Qa6 29.
Qe5 Kf7 30. Qg7+ Ke8 31. Bf6 Qd6 32. Qxh7 a3 33. Qxh5+ Kd7 34. Qf7 axb2 35. Rxc8
Rxc8 36. h4 Rc1+ 37. Rxc1 bxc1=Q+ 38. Kxc1 Qf4+ 39. Kc2 b3+ 40. Kxb3 Qb4+ 41. Kc2
Qa4+ 42. Kb2  1/2-1/2

[Event "4th 4NCL Easter Congress"]
[Site "Holiday Inn Peterborough - West"]
[Date "2024.03.31"]
[Round "4"]
[Board "7"]
[White "Turner, Lewis A"]
[Black "Prior, Stephen CV"]
[Result "1/2-1/2"]
[WhiteElo "1927"]
[BlackElo "2012"]
[PlyCount "0"]
[EventDate "2024.03.29"]
[EventRounds "7"]
[EventCountry "ENG"]

1. e4 e5 2. Nf3 Nc6 3. Bb5 a6 4. Ba4 Nf6 5. O-O Be7 6. Re1 b5 7. Bb3 O-O 8. c3 d6
9. h3 Nb8 10. d4 Nbd7 11. Nbd2 c5 12. Nf1 c4 13. Bc2 Re8 14. Ng3 g6 15. Bg5 Bf8 16.
Qd2 Bg7 17. Rad1 Bb7 18. Nh2 Qc7 19. f4 Rac8 20. d5 h6 21. Bxf6 Nxf6 22. Kh1 b4 23.
fxe5 bxc3 24. bxc3 Rxe5 25. Nf3 Re7 26. e5 Nxd5 27. Be4 Bxe5 28. Bxd5 Bxg3 29. Rxe7
Qxe7 30. Bxb7 Qxb7 31. Qxh6 Qe4 32. Ng5 Qh4 33. Nxf7 Qxh6 34. Nxh6+ Kg7 35. Ng4 Re8
36. Kg1 Re1+ 37. Rxe1 Bxe1 38. Kf1 Bxc3 39. Ne3 Bb4 40. Nxc4 Kf6 41. Ke2 d5 42. Nb2
Ba3 43. Nd3 Kf5 44. Kf3 g5 45. g4+ Ke6 46. Ke3 a5 47. Ne1 Bd6 48. Nf3 Bf4+ 49. Kd4
Kd6 50. a4 Bc1 51. h4 gxh4 52. Nxh4 Bb2+ 53. Kd3 Kc5 54. Nf5 Bf6 55. Ne3 Bg5 56.
Nc2 Bf4 57. Kc3 Bh6 58. Kd3 Bg5 59. Kc3 d4+ 60. Kd3 Bf6 61. g5 Bh8 62. g6 Bg7 63.
Ne1 Kb4 64. Nf3 Kxa4 65. Nxd4 Kb4  1/2-1/2

[Event "4th 4NCL Easter Congress"]
[Site "Holiday Inn Peterborough - West"]
[Date "2024.03.31"]
[Round "4"]
[Board "8"]
[White "Larchikov, Maksym"]
[Black "Alldritt, Nigel RE"]
[Result "1-0"]
[WhiteElo "1951"]
[BlackElo "1977"]
[PlyCount "0"]
[EventDate "2024.03.29"]
[EventRounds "7"]
[EventCountry "ENG"]

1. d4 Nf6 2. Nf3 g6 3. c4 Bg7 4. Nc3 d5 5. Bg5 Ne4 6. Bh4 Nxc3 7. bxc3 c5 8. e3 cxd4
9. cxd4 Nc6 10. Be2 Qa5+ 11. Qd2 Qxd2+ 12. Nxd2 e5 13. cxd5 Nb4 14. Bb5+ Bd7 15.
Bxd7+ Kxd7 16. Rb1 Nxd5 17. Rxb7+ Nc7 18. dxe5 Kc6 19. Rb1 Bxe5 20. O-O Rhc8 21.
Rfc1+ Kd7 22. Nc4 Bd6 23. Nxd6 Kxd6 24. Bg3+  1-0

[Event "4th 4NCL Easter Congress"]
[Site "Holiday Inn Peterborough - West"]
[Date "2024.03.31"]
[Round "4"]
[Board "9"]
[White "James, Russell A"]
[Black "Boggarapu, Kritan"]
[Result "1-0"]
[WhiteElo "2017"]
[BlackElo "1933"]
[PlyCount "0"]
[EventDate "2024.03.29"]
[EventRounds "7"]
[EventCountry "ENG"]

1. e4 c5 2. Nf3 d6 3. d4 cxd4 4. Nxd4 Nf6 5. Nc3 a6 6. Bc4 e6 7. O-O b5 8. Bb3 Be7
9. Qf3 Qc7 10. Qg3 O-O 11. Bh6 Ne8 12. Rad1 Kh8 13. Be3 Nf6 14. a3 Nc6 15. f4 Bb7
16. Kh1 Rg8 17. Nf3 Nd7 18. f5 e5 19. Bxf7 Rgf8 20. Nd5 Qd8 21. Bg6 Nf6 22. Qh3 Kg8
23. Nxf6+ Rxf6 24. Qxh7+ Kf8 25. Qh8#  1-0

[Event "4th 4NCL Easter Congress"]
[Site "Holiday Inn Peterborough - West"]
[Date "2024.03.31"]
[Round "4"]
[Board "10"]
[White "Samarakoon, Vivash"]
[Black "Vadalia, Jainill"]
[Result "1-0"]
[WhiteElo "1978"]
[BlackElo "1836"]
[PlyCount "0"]
[EventDate "2024.03.29"]
[EventRounds "7"]
[EventCountry "ENG"]

1. e4 d6 2. d4 Nf6 3. Nc3 e5 4. Nf3 Nbd7 5. Bg5 Be7 6. Be2 O-O 7. O-O c6 8. a4 a5
9. h3 Qc7 10. Be3 exd4 11. Qxd4 Nc5 12. Rfd1 Ne6 13. Qd2 Nd7 14. Nd4 Nxd4 15. Bxd4
Nc5 16. Qe3 b6 17. Bc4 Re8 18. Qg3 Bf8 19. f3 Ne6 20. Be3 Ba6 21. Bxa6 Rxa6 22. Rd2
Raa8 23. Rad1 Red8 24. Kh1 Rab8 25. Bf2 Be7 26. Be3 Rd7 27. f4 Nf8 28. f5 Bf6 29.
Rxd6 Rxd6 30. Qxd6 Qxd6 31. Rxd6 Bxc3 32. bxc3 b5 33. Rxc6 bxa4 34. Rc4 a3 35. Ra4
Rb1+ 36. Kh2 Ra1 37. Rxa5 f6 38. Bc5 Nd7 39. Bxa3 Ne5 40. Ra8+  1-0

[Event "4th 4NCL Easter Congress"]
[Site "Holiday Inn Peterborough - West"]
[Date "2024.03.31"]
[Round "4"]
[Board "11"]
[White "Zhang, Junyi"]
[Black "McLean, Robert"]
[Result "1-0"]
[WhiteElo "1924"]
[BlackElo "1967"]
[PlyCount "0"]
[EventDate "2024.03.29"]
[EventRounds "7"]
[EventCountry "ENG"]

1. e4 c5 2. Nc3 Nc6 3. f4 g6 4. Nf3 Bg7 5. Bb5 Nd4 6. Nxd4 cxd4 7. Ne2 a6 8. Bd3
b5 9. O-O Bb7 10. c3 dxc3 11. dxc3 Nf6 12. Qc2 Qb6+ 13. Kh1 Ng4 14. Ng1 e6 15. Qe2
Nf6 16. Nf3 O-O 17. a4 Bc6 18. axb5 axb5 19. Be3 Qb7 20. Bc5 Rfc8 21. Nd2 Nh5 22.
Be3 f5 23. e5 Bh6 24. Rxa8 Rxa8 25. Nb3 Ra2 26. Nc5 Qa8 27. Kg1 Qb8 28. Nb3 b4 29.
Bb1 Ra4 30. c4 Qa8 31. Nc5 Ra1 32. g3 Bf8 33. Nb3 Ra4 34. Nd4 Be4 35. Bxe4 Qxe4 36.
Bf2 Qxe2 37. Nxe2 Ra2 38. Bd4 d6 39. Nc1 Ra6 40. Nd3 b3 41. Rc1 Kf7 42. Rc3 Ra4 43.
exd6 Bxd6 44. Be5 Ke7 45. c5 Bxe5 46. Nxe5  1-0

[Event "4th 4NCL Easter Congress"]
[Site "Holiday Inn Peterborough - West"]
[Date "2024.03.31"]
[Round "4"]
[Board "12"]
[White "Birtwistle, Nigel"]
[Black "Wang, Luoke"]
[Result "0-1"]
[WhiteElo "2048"]
[BlackElo "1801"]
[PlyCount "0"]
[EventDate "2024.03.29"]
[EventRounds "7"]
[EventCountry "ENG"]

1. Nf3 Nf6 2. c4 e6 3. g3 d5 4. Bg2 Be7 5. O-O O-O 6. d4 dxc4 7. Qc2 a6 8. a4 Bd7
9. Qxc4 Bc6 10. Nc3 b5 11. Qd3 b4 12. Nb1 Be4 13. Qd1 c5 14. Nbd2 Bb7 15. dxc5 Bxc5
16. Nc4 Nbd7 17. a5 Bd5 18. Ne3 Bb7 19. Nc4 Bd5 20. Nce5 Nxe5 21. Nxe5 Bxg2 22. Kxg2
Qc7 23. Nd3 Rfd8 24. Qb3 Bd6 25. Bg5 Qb7+ 26. f3 Be7 27. Be3 Nd5 28. Bf2 Qb5 29.
Rfd1 Rac8 30. e4 Nc3 31. bxc3 Rxc3 32. Qb2 Rdxd3 33. Bd4 Rxd1 34. Rxd1 Rd3 35. Rxd3
Qxd3 36. Bxg7 b3 37. Qe5 Qe2+ 38. Kg1 b2 39. Qxb2 Bc5+  0-1

[Event "4th 4NCL Easter Congress"]
[Site "Holiday Inn Peterborough - West"]
[Date "2024.03.31"]
[Round "4"]
[Board "13"]
[White "Cheng, Louis"]
[Black "Baer, Bruce L"]
[Result "0-1"]
[WhiteElo "1826"]
[BlackElo "1945"]
[PlyCount "0"]
[EventDate "2024.03.29"]
[EventRounds "7"]
[EventCountry "ENG"]

1. e4 g6 2. d4 Bg7 3. Nc3 a6 4. Be3 b5 5. a3 d6 6. f4 Bb7 7. Nf3 Nd7 8. Bd3 c5 9.
e5 Nh6 10. Be4 Bxe4 11. Nxe4 Nf5 12. Qe2 cxd4 13. Bxd4 Nxd4 14. Nxd4 dxe5 15. fxe5
Nxe5 16. Rd1 Qb6 17. c3 O-O 18. Qe3 Nc4 19. Qe2 e5 20. Nf3 f5 21. Nf2 Ne3 22. Rd7
Nxg2+ 23. Kf1 Ne3+ 24. Ke1 Rad8 25. Rd2 Ng2+ 26. Kf1 Nf4 27. Qd1 Rxd2 28. Nxd2 Rd8
29. Qb3+ Kh8 30. Nf3 Qe3 31. c4 Qxb3 32. Ne1 Qxc4+ 33. Kg1 Qe2 34. Nfd3 Nh3#  0-1

[Event "4th 4NCL Easter Congress"]
[Site "Holiday Inn Peterborough - West"]
[Date "2024.03.31"]
[Round "4"]
[Board "14"]
[White "Sasikumar, Srivathsan"]
[Black "Hutchinson, Paul A"]
[Result "1-0"]
[WhiteElo "1881"]
[BlackElo "2006"]
[PlyCount "0"]
[EventDate "2024.03.29"]
[EventRounds "7"]
[EventCountry "ENG"]

1. e4 d5 2. exd5 Qxd5 3. Nc3 Qa5 4. d4 Nf6 5. Nf3 Bg4 6. Be2 e6 7. O-O Nbd7 8. Bd2
c6 9. Ne5 Nxe5 10. dxe5 Bxe2 11. Qxe2 Nd7 12. f4 Qb6+ 13. Kh1 g6 14. Ne4 Qc7 15.
Bc3 Be7 16. Nd6+ Kf8 17. Rad1 h5 18. Qc4 b5 19. Nxb5 Qc8 20. Nd6 Nb6 21. Qb3 Bxd6
22. exd6 Rh7 23. Qb4 Kg8 24. Rf3 Nd5 25. Qc5 h4 26. Qd4 Qd7 27. Rh3 Qxd6 28. Rxh4
f6 29. Rxh7 Kxh7 30. Qxf6 Nxf6 31. Rxd6 Nd5 32. Be5 Rc8 33. Rd7+ Kh6 34. Rxa7 g5
35. g3 gxf4 36. gxf4 Kg6 37. Kg2 Ne3+ 38. Kf3 Nxc2 39. Rg7+ Kh5 40. Rh7+ Kg6 41.
Rh8 Rxh8 42. Bxh8 Kf5 43. Be5 Nb4 44. a4 Na6 45. Bd6 c5 46. a5  1-0

[Event "4th 4NCL Easter Congress"]
[Site "Holiday Inn Peterborough - West"]
[Date "2024.03.31"]
[Round "4"]
[Board "15"]
[White "Dilley, Jason M"]
[Black "Hariharan, Shambavi"]
[Result "1/2-1/2"]
[WhiteElo "2032"]
[BlackElo "1867"]
[PlyCount "0"]
[EventDate "2024.03.29"]
[EventRounds "7"]
[EventCountry "ENG"]

1. d4 d5 2. Bg5 h6 3. Bh4 c6 4. c3 Bf5 5. e3 Qb6 6. b3 Nd7 7. Bd3 Bxd3 8. Qxd3 e6
9. Nf3 Be7 10. Bg3 Ngf6 11. Nbd2 c5 12. Ne5 cxd4 13. exd4 Nxe5 14. Bxe5 O-O 15. O-O
Nd7 16. Bf4 Bd6 17. Bxd6 Qxd6 18. Rac1 Rac8 19. c4 b6 20. Rfd1 Rfd8 21. Nf1 Nf6 22.
Ne3 Rc7 23. Rc2 Qf4 24. g3 Qe4 25. Qxe4 Nxe4 26. f3 Nf6 27. Kf2 dxc4 28. bxc4 Rdc8
29. Rb2 Rd8 30. Ke2 g6 31. a4 Nd7 32. Rb5 Kg7 33. Rd2 f5 34. f4 Nf6 35. a5 Ne4 36.
Rd3 bxa5 37. d5 exd5 38. Rbxd5 Rxd5 39. cxd5 a4 40. d6 Rd7 41. Nc4 Kf6 42. Ke3 Ke6
43. Ra3 Nxd6 44. Ne5 Rc7 45. Rxa4 g5 46. Ra6 Kd5 47. Kd3 gxf4 48. gxf4 h5 49. Ra5+
Ke6 50. Nf3 Rb7 51. Nd4+ Kf6 52. Re5 Re7 53. Rd5 Rd7 54. Nxf5 Ke6 55. Re5+ Kf6 56.
Nxd6 Rxd6+ 57. Kc3 Kg6 58. h4 Rf6 59. Rg5+ Kh6 60. f5 Rd6 61. Kc4 a5 62. Kc5 Rd1
63. Rg6+ Kh7 64. Ra6 Rf1 65. Kd6 Rxf5 66. Ke6 Rf4 67. Rxa5 Rxh4 68. Kf6 Kh6 69. Kf5
Rg4 70. Ra6+ Kh7 71. Ra7+  1/2-1/2

[Event "4th 4NCL Easter Congress"]
[Site "Holiday Inn Peterborough - West"]
[Date "2024.03.31"]
[Round "4"]
[Board "16"]
[White "Han, Qixiang"]
[Black "Guthrie, David W"]
[Result "0-1"]
[WhiteElo "1874"]
[BlackElo "2129"]
[PlyCount "0"]
[EventDate "2024.03.29"]
[EventRounds "7"]
[EventCountry "ENG"]

1. d4 Nf6 2. c4 e6 3. g3 c5 4. d5 exd5 5. cxd5 d6 6. Nc3 g6 7. Bg2 Bg7 8. Nf3 O-O
9. O-O Re8 10. Bf4 Ne4 11. Nxe4 Rxe4 12. Nd2 Rb4 13. a3 Rxf4 14. gxf4 Bxb2 15. Rb1
Bxa3 16. e4 Bb4 17. Nc4 b5 18. Ne3 Nd7 19. Nc2 a5 20. Qe2 Nf6 21. Bf3 Bc3 22. e5
Ne8 23. Qe3 b4 24. exd6 Bf5 25. Be4 Bxe4 26. Qxe4 Nxd6 27. Qe2 Qd7 28. Ne3 a4 29.
Rfc1 Bd4 30. Nc2 Bf6 31. Ne3 a3 32. Qa2 Bd4 33. Rb3 Ne4 34. Nd1 Qg4+ 35. Kh1 Qxf4
36. Rc2 Re8 37. Re2 Re5 38. Qc2 Nc3 39. Nxc3 Qf3+ 40. Kg1 Rg5+ 41. Kf1 Qh1#  0-1

[Event "4th 4NCL Easter Congress"]
[Site "Holiday Inn Peterborough - West"]
[Date "2024.03.31"]
[Round "4"]
[Board "17"]
[White "Wilks, Simon"]
[Black "Richmond, Frank"]
[Result "1-0"]
[WhiteElo "2061"]
[BlackElo "1711"]
[PlyCount "0"]
[EventDate "2024.03.29"]
[EventRounds "7"]
[EventCountry "ENG"]

1. e4 e6 2. d4 d5 3. Nc3 Bb4 4. exd5 exd5 5. Bd3 Nf6 6. a3 Ba5 7. Bg5 c6 8. Nge2
O-O 9. O-O Bg4 10. f3 Be6 11. f4 Bg4 12. h3 Bxe2 13. Nxe2 Qd6 14. Ng3 g6 15. Qf3
Bc7 16. c3 Nbd7 17. Rae1 Rfe8 18. Re5 Qf8 19. Rfe1 Nxe5 20. fxe5 Nd7 21. Nh5 Bd8
22. Bd2 Bb6 23. Kh1 Qe7 24. Qg3 Bd8 25. Rf1 Kh8 26. Nf4 Nf8 27. Qf3 Ne6 28. Ne2 Kg7
29. Ng3 Rf8 30. Qg4 Kh8 31. Bh6 Qh4 32. Bxf8 Qxg4 33. hxg4 Nxf8 34. Rxf7 Bb6 35.
b4 Ne6 36. Ne2 Kg8 37. Rxb7 Rf8 38. Kg1 Nf4 39. Nxf4 Rxf4 40. Be2 Re4 41. Bf3 Rf4
42. a4 Rf7 43. Rb8+ Rf8 44. Rxf8+ Kxf8 45. Kf2 Ke7 46. Ke3 g5 47. a5 Bc7 48. Be2
h6 49. Ba6 Kd7 50. Kd3 Bd8 51. Kc2 Bc7 52. Kb3 Bd8 53. Ka4 Kc7 54. c4 dxc4 55. Bxc4
Be7 56. b5 cxb5+ 57. Kxb5 Kd7 58. Bd3 Ke6 59. Kc6 Bb4 60. Bf5 Ke7 61. d5 Bxa5 62.
d6+ Kd8 63. e6 Ke8 64. Bg6+ Kf8 65. e7+ Kg7 66. e8=Q  1-0

[Event "4th 4NCL Easter Congress"]
[Site "Holiday Inn Peterborough - West"]
[Date "2024.03.31"]
[Round "4"]
[Board "18"]
[White "Varley, Joe"]
[Black "Kilambi, Venkata Ananth Akshay"]
[Result "0-1"]
[WhiteElo "1926"]
[BlackElo "1801"]
[PlyCount "0"]
[EventDate "2024.03.29"]
[EventRounds "7"]
[EventCountry "ENG"]

1. e4 c6 2. d4 d5 3. f3 e6 4. Nc3 Qb6 5. Qd3 Nf6 6. a4 a5 7. Nge2 dxe4 8. fxe4 e5
9. Be3 Qxb2 10. Rb1 Qa3 11. dxe5 Ng4 12. Bd4 Nd7 13. Qg3 Nc5 14. h3 Nh6 15. Be3 Nxe4
16. Nxe4 Nf5 17. Bc1 Nxg3 18. Bxa3 Nxe4 19. Bxf8 Rxf8 20. g4 Nc5 21. Nc3 Be6 22.
Bg2 O-O-O 23. Ke2 Kc7 24. Ke3 Rfe8 25. Rhd1 h6 26. Ne4 Nxe4 27. Bxe4 Bd7 28. Rf1
Rxe5 29. Kf4 Rde8 30. Bd3 Re3 31. Rf3 Rxf3+ 32. Kxf3 g5 33. Rf1 Be6 34. Kg3 Bd5 35.
Rf6 Re6 36. Rxf7+ Kb6 37. Rh7 Rf6 38. Bf5 c5 39. h4 gxh4+ 40. Kxh4 Bc6 41. Bd7 Bxd7
42. Rxd7 Kc6 43. Rh7 b5 44. axb5+ Kxb5 45. Rb7+ Rb6 46. c4+ Ka6 47. Rc7 a4 48. Rxc5
a3 49. Rc8 Kb7 50. Re8 a2 51. Re7+ Ka6 52. Re8 Ka7 53. c5 Ra6 54. Re7+ Kb8 55. Re8+
Kc7  0-1

[Event "4th 4NCL Easter Congress"]
[Site "Holiday Inn Peterborough - West"]
[Date "2024.03.31"]
[Round "4"]
[Board "19"]
[White "Lishoy Gengis Paratazham, Dildarav"]
[Black "Lukhi, Neev"]
[Result "1/2-1/2"]
[WhiteElo "1924"]
[BlackElo "1812"]
[PlyCount "0"]
[EventDate "2024.03.29"]
[EventRounds "7"]
[EventCountry "ENG"]

1. e4 e6 2. d3 d5 3. e5 c5 4. f4 Nc6 5. Nf3 Nge7 6. g3 Nf5 7. Bh3 Be7 8. O-O h5 9.
c3 Qb6 10. Na3 c4+ 11. d4 Bxa3 12. bxa3 Qa5 13. Qc2 g6 14. Rb1 a6 15. Qb2 b5 16.
Ne1 Rb8 17. Nc2 Qb6 18. Bd2 Bd7 19. Qa1 Qa5 20. Qb2 Qb6 21. Nb4 Nxb4 22. Qxb4 a5
23. Qb2 O-O 24. Qc2 Kg7 25. Bxf5 exf5 26. h4 Qa7 27. Rb2 b4 28. axb4 a4 29. Rbb1
Bb5 30. Rfe1 Rbe8 31. Re3 Re6 32. Bc1 Qe7 33. Qg2 Qd7 34. Ba3 Rh8 35. Rbe1 Rhe8 36.
Qf3 Rh8 37. Qg2 Rhe8 38. Qf3 Rh8 39. Qg2 Rhe8 40. Qf3  1/2-1/2

[Event "4th 4NCL Easter Congress"]
[Site "Holiday Inn Peterborough - West"]
[Date "2024.03.31"]
[Round "4"]
[Board "20"]
[White "Amato, Giampiero"]
[Black "Railwani, Tavish"]
[Result "1-0"]
[WhiteElo "1954"]
[BlackElo "1783"]
[PlyCount "0"]
[EventDate "2024.03.29"]
[EventRounds "7"]
[EventCountry "ENG"]

1. c4 Nf6 2. g3 e6 3. Bg2 d5 4. Nf3 Nbd7 5. O-O b6 6. cxd5 exd5 7. d4 Be7 8. Nc3
O-O 9. Ne5 Bb7 10. Qb3 c6 11. Nxd7 Qxd7 12. Rd1 Rfe8 13. Bf4 Bd6 14. Bxd6 Qxd6 15.
Rac1 h6 16. e3 Qe6 17. a4 Rab8 18. Qc2 Re7 19. b4 Rc8 20. Qb3 Rd8 21. Rc2 Rc7 22.
Rdc1 Qe7 23. Nb5 Rcd7 24. Nxa7 c5 25. dxc5 bxc5 26. Rxc5 Ba8 27. Nc8 Qe8 28. Nb6
Ra7 29. Nxa8 Raxa8 30. a5 Qe6 31. Rc6 Rd6 32. Qc2 Rxc6 33. Qxc6 Rb8 34. Qxe6 fxe6
35. Rb1 Nd7 36. b5 Nc5 37. b6 Kf8 38. Bf1 Ke7 39. a6 Nxa6 40. Bxa6 Kd6 41. b7 Kc6
42. Rc1+ Kb6 43. Rc8 Ka7 44. Kf1 e5 45. Ke2 d4 46. exd4 exd4 47. Kd3 Kxa6 48. Rxb8
Ka7 49. Rg8 Kxb7 50. Rxg7+ Kc6 51. Kxd4 Kd6 52. Rg6+ Kc7 53. Kd5 Kb7 54. f4 h5 55.
f5 h4 56. gxh4 Kc7 57. f6 Kb7 58. f7 Kc7 59. f8=Q  1-0

[Event "4th 4NCL Easter Congress"]
[Site "Holiday Inn Peterborough - West"]
[Date "2024.03.31"]
[Round "4"]
[Board "21"]
[White "Mesesan, Mircea-Marius"]
[Black "Miller, George I"]
[Result "1/2-1/2"]
[WhiteElo "1963"]
[BlackElo "1893"]
[PlyCount "0"]
[EventDate "2024.03.29"]
[EventRounds "7"]
[EventCountry "ENG"]

1. d4 d5 2. Nf3 c5 3. e3 e6 4. b3 cxd4 5. exd4 Nf6 6. Bd3 Nc6 7. a3 Bd6 8. Bb2 O-O
9. O-O Qc7 10. Re1 Nd7 11. c4 Bf4 12. Nc3 Nf6 13. g3 Bh6 14. Kg2 Rd8 15. h3 dxc4
16. bxc4 b6 17. d5 exd5 18. Nb5 Qd7 19. Bxf6 Qxh3+ 20. Kg1 gxf6 21. cxd5 Bg4 22.
dxc6 Qh5 23. Nbd4 Rxd4 24. Nxd4 Bxd1 25. Raxd1 Qc5 26. Nf5 Bf8 27. a4 Rc8 28. Rc1
Qa5 29. Ne3 Rxc6 30. Rxc6 Qxe1+ 31. Kg2 Bc5 32. Rc8+ Bf8 33. Nf5 Qe6 34. Nh6+ Kg7
35. Nf5+ Kg8 36. Nh6+ Kg7 37. Nf5+  1/2-1/2

[Event "4th 4NCL Easter Congress"]
[Site "Holiday Inn Peterborough - West"]
[Date "2024.03.31"]
[Round "4"]
[Board "22"]
[White "Mize, Dylan"]
[Black "Ward, Cian"]
[Result "1/2-1/2"]
[WhiteElo "1870"]
[BlackElo "1815"]
[PlyCount "0"]
[EventDate "2024.03.29"]
[EventRounds "7"]
[EventCountry "ENG"]

1. d4 e6 2. Nf3 Nf6 3. Bg5 d5 4. Nbd2 Be7 5. e3 c5 6. c3 Nc6 7. Bd3 O-O 8. O-O Re8
9. Qe2 Qc7 10. dxc5 e5 11. e4 dxe4 12. Nxe4 Nd7 13. b4 f5 14. Bc4+ Kh8 15. Nh4 Nf8
16. Bxe7 Rxe7 17. Nd6 g6 18. Nf3 e4 19. Ng5 Ne5 20. Bd5 Kg7 21. Qe3 h6 22. Nh3 Ne6
23. Nf4 Nxf4 24. Qxf4 Rb8 25. Qg3 b6 26. Nxc8 Rxc8 27. cxb6 axb6 28. Rac1 Rd8 29.
Bb3 Rd3 30. Qh4 g5 31. Qh5 Rxc3 32. Rxc3 Qxc3 33. h4 Qd2 34. Rd1 Qf4 35. hxg5 Qxg5
36. Qxg5+ hxg5 37. Rd6 Rb7 38. a4 Ng4 39. Kf1 f4 40. Bd5 Ra7 41. Bb3 Rb7 42. Be6
Nf6 43. Ke2 Ra7 44. Bb3 Rb7 45. Rc6 Ng4 46. Re6 e3 47. fxe3 Nxe3 48. g3 Nf5 49. Kd3
fxg3 50. Re2  1/2-1/2